| Tag |
First Indicator |
Second Indicator |
Subfields |
| LEADER |
00000cam a2200000Ia 4500 |
| 001 |
in00002525521 |
| 005 |
20151113113220.0 |
| 008 |
090929s2009 nyu 000 d eng d |
| 020 |
|
|
|a 0573697051
|
| 020 |
|
|
|a 9780573697050
|
| 035 |
|
|
|a (OCoLC)ocn441760762
|
| 035 |
|
|
|a (OCoLC)441760762
|
| 040 |
|
|
|a YDXCP
|c YDXCP
|d MEU
|d TXA
|d UtOrBLW
|
| 049 |
|
|
|a TXAM
|
| 050 |
|
4 |
|a PS3621.R36
|b H39 2009
|
| 100 |
1 |
|
|a Urbinati, Rob.
|
| 245 |
1 |
0 |
|a Hazelwood Jr. high /
|c by Rob Urbinati.
|
| 246 |
3 |
|
|a Hazelwood junior high
|
| 250 |
|
|
|a Samuel French acting ed.
|
| 264 |
|
1 |
|a New York :
|b Samuel French New York,
|c 2009.
|
| 300 |
|
|
|a 86 pages ;
|c 21 cm.
|
| 336 |
|
|
|a text
|b txt
|2 rdacontent
|
| 337 |
|
|
|a unmediated
|b n
|2 rdamedia
|
| 338 |
|
|
|a volume
|b nc
|2 rdacarrier
|
| 650 |
|
0 |
|a High school students
|v Drama.
|
| 650 |
|
0 |
|a Love
|v Drama.
|
| 650 |
|
0 |
|a Revenge
|v Drama.
|
| 938 |
|
|
|a YBP Library Services
|b YANK
|n 3102536
|
| 945 |
|
|
|b 825640
|a PromptCat
|
| 946 |
|
|
|a stk
|
| 947 |
|
|
|a A14839968313
|
| 948 |
|
|
|a cataloged
|b h
|c 2009/11/23
|d c
|e agaffey
|f 2:01:41 pm
|
| 994 |
|
|
|a C0
|b TXA
|
| 999 |
|
|
|a MARS
|
| 999 |
f |
f |
|s 4c6a6200-d91e-3a53-98bd-dcea58094015
|i 62958772-a8a0-3491-8ad8-28237a8a34d4
|t 0
|
| 952 |
f |
f |
|p ric
|a Texas A&M University
|b Rellis Campus
|c Joint Library Facility
|d Remote Storage
|t 0
|e PS3621.R36 H39 2009
|h Library of Congress classification
|i unmediated -- volume
|m A14839968313
|
| 998 |
f |
f |
|a PS3621.R36 H39 2009
|t 0
|l Remote Storage
|